Normal view
MARC view
- Ahsan Danish
Entry Personal Name
001 - CONTROL NUMBER
- control field: 111463
003 - CONTROL NUMBER IDENTIFIER
- control field: NUST
005 - DATE AND TIME OF LATEST TRANSACTION
- control field: 20230327125351.0
008 - FIXED-LENGTH DATA ELEMENTS
- fixed length control field: 230327|| aca||aabn | a|a d
040 ## - CATALOGING SOURCE
- Original cataloging agency: NUST
- Transcribing agency: NUST
100 ## - HEADING--PERSONAL NAME
- Personal name: Ahsan Danish
670 ## - SOURCE DATA FOUND
- Source citation: Work cat.: (NUST)188020: Ahsan Danish, Jahan e Danish جہان دانش / , 2002.
